| 000 | 00461nam a2200169Ia 4500 | ||
|---|---|---|---|
| 003 | LK-CoDNM | ||
| 005 | 20240130122029.0 | ||
| 008 | 010623t1905 xxu||||| |||| 00| 1 eng d | ||
| 040 |
_aLK-CoDNM _dLK-CoDNM _eLK-CoDNM |
||
| 041 |
_aeng _asin |
||
| 080 |
_a104 _bO 3 |
||
| 245 | _aබැප්ටිස්ට් ප්රවෘත්ති | ||
| 246 | _aBaptist intelligencer | ||
| 260 |
_bS.De.Saram _aColombo _c1905 |
||
| 300 | _b8p., 27 cm | ||
| 942 | _cBK | ||
| 999 |
_c86119 _d86119 |
||